|
|
|
|
| LEADER |
00000nab a2200000 a 4500 |
| 001 |
vtls010197592 |
| 003 |
SK-MaSNL |
| 005 |
20260304154842.0 |
| 008 |
250507c2010 xo ||||||||||||00 b|slo |
| 015 |
|
|
|a SNBRB2010/12
|2 snkbucl
|
| 035 |
|
|
|a (uuid)f958873d-2916-4216-8f9b-094b24f88171
|
| 035 |
|
|
|a urn:nbn:sk:snk-abc6gw
|
| 035 |
|
|
|a (urnnbn)urn:nbn:sk:snk:ar-0000q4
|
| 038 |
|
|
|a SNKBUCL
|
| 040 |
|
|
|a SNKBUCL
|b slo
|c SNKBUCL
|e AACR2
|
| 041 |
0 |
|
|a slo
|
| 044 |
|
|
|a xo
|c SK
|
| 080 |
|
|
|a 17.02
|2 2001
|
| 080 |
|
|
|a 821 (100)-84
|2 2001
|
| 245 |
0 |
0 |
|a Citátománia P. B.
|
| 650 |
0 |
7 |
|a životná múdrosť
|2 snkbucl
|9 4008
|
| 650 |
0 |
7 |
|a citáty
|2 snkbucl
|9 75180
|
| 773 |
0 |
|
|t Romboid
|g Roč. XLV, č. 8 (2010), s. 76-77
|x 0231-6714
|
| 850 |
|
|
|a Slovenská národná knižnica
|
| 852 |
|
|
|a Slovenská národná knižnica
|
| 958 |
|
|
|a article15
|
| 958 |
|
|
|a OND
|
| 958 |
|
|
|a LX
|
| 958 |
|
|
|a EUIPO
|
| 999 |
|
|
|c 2959521
|d 2961451
|